Atlas de Chile y el mundo en imágenes
Uloženo v:
| Hlavní autoři: | , |
|---|---|
| Médium: | Kniha |
| Jazyk: | španělština |
| Vydáno: |
Santiago
Origo Ediciones
2015
|
| Vydání: | 1a. ed |
| Témata: | |
| Tagy: |
Přidat tag
Žádné tagy, Buďte první, kdo vytvoří štítek k tomuto záznamu!
|
MARC
| LEADER | 00000cam a2200000 a 4500 | ||
|---|---|---|---|
| 001 | UCC1691 | ||
| 003 | CL-VaPUC | ||
| 008 | 171117e20150000cl |||||||||||||||||spa|d | ||
| 020 | |a 9789563160505 | ||
| 082 | 0 | 4 | |a 912 |b CER |2 21 |
| 100 | 0 | |a Cereceda, Pilar |e author |9 595735 | |
| 700 | 0 | |a Errázuriz, Ana María |e author |9 595736 | |
| 245 | 1 | 0 | |a Atlas de Chile y el mundo en imágenes |
| 250 | |a 1a. ed | ||
| 300 | |a 128 p | ||
| 942 | |c BK | ||
| 945 | |d 20171117 16:06:00 |a arojas | ||
| 260 | |a Santiago |b Origo Ediciones |c 2015 | ||
| 500 | |a Edicion especial para el Ministerio de Educación | ||
| 650 | 0 | |a Atlas |9 260843 | |
| 650 | 0 | |a Mapas |9 260844 | |
| 651 | 7 | |a CHILE |2 CL-VaPUC |9 595737 | |
| 583 | |a last modification |c 20171117 16:06:00 |k Rodrigo Vera | ||
| 999 | |c 370086 |d 370084 | ||